000 00990nam a22003257a 4500
001 BR7902237
003 BR-BrBNA
005 20230928090005.0
007 ta
008 230509b bl.||||| |||| 00| 0 por d
040 _aBR-BrBNA
_bpor
_cBiblioteca Nacional de Agricultura
041 _a(Por)
072 _aL00; E70
_b9700
_b5213
_b/G514
090 _ 9700 BR7902237
100 1 _aD'Apice Paez, M.L.
110 1 _aInstituto de Economia Agricola, Sao Paulo, SP (Brasil)
_96029
245 1 _aParque industrial de carnes - caracteristicas e eficiencia das unidades abatedoras de bovinos do Estado de Sao Paulo [mercado, Brasil]
260 3 _aSao Paulo, SP (Brasil):
_c1978.
300 _a107 p.
500 _a27 tables; Summaries (Eng, Por)
650 _aCARNE
650 _aGADO DE CORTE
650 _aABATEDOURO
650 _aINDUSTRIA ALIMENTICIA
650 _aABATE
650 _aMERCADO
650 _aSAO PAULO
909 _a202309
_bLucia
_c55
_dLucia Elande
942 _cBK
999 _c27335
_d27335